000 00470nam a2200193Ia 4500
003 GCL
008 140319s9999 xx 000 0 eng d
040 _aGCL /
_cGCL
082 0 4 _a005.3
_bL N
100 1 _aLINDFIELD, G.
245 1 0 _aNUMERICAL METHODS USING MATLAB /
_cLINDFIELD, G.
700 1 _aPENNY, J.
260 _a[S.N] :
_bELLIS HORWOOD ،
_c1995
300 _a328 P
650 0 4 _aCOMPUTER
650 0 4 _aMATLAB
650 0 4 _aSOFT WARE
942 _2ddc
_cBK
999 _c23807
_d23807